| 000 | 00366nam a22001337a 4500 | ||
|---|---|---|---|
| 008 | 181015b xxu||||| |||| 00| 0 eng d | ||
| 020 | _a9780769302454 | ||
| 041 | _aeng | ||
| 080 |
_22 ED _a610 |
||
| 100 | _a4 | ||
| 101 | _aSHM | ||
| 245 |
_aCommunication Swallowing Management Of Tracheostomized Ventilator Dependent Adults _cKaren.J.D |
||
| 942 |
_2udc _cBK |
||
| 999 |
_c49648 _d49648 |
||